Library Banner

The international encyclopedia of media effects/ (Record no. 94829)

MARC details
000 -LEADER
fixed length control field 00399nam a22001457a 4500
005 - DATE AND TIME OF LATEST TRANSACTION
control field 20170622141141.0
008 - FIXED-LENGTH DATA ELEMENTS--GENERAL INFORMATION
fixed length control field 170622b xxu||||| |||| 00| 0 eng d
020 ## - INTERNATIONAL STANDARD BOOK NUMBER
International Standard Book Number 9781118784044
040 ## - CATALOGING SOURCE
Transcribing agency PK-LaUMT
082 ## - DEWEY DECIMAL CLASSIFICATION NUMBER
Classification number R 302.230803
Item number INT-
245 ## - TITLE STATEMENT
Title The international encyclopedia of media effects/
Statement of responsibility, etc Patrick Rossler (editor)
260 ## - PUBLICATION, DISTRIBUTION, ETC. (IMPRINT)
Place of publication, distribution, etc Chennai:
Name of publisher, distributor, etc Wiley,
Date of publication, distribution, etc 2017
300 ## - PHYSICAL DESCRIPTION
Extent 430 p.
942 ## - ADDED ENTRY ELEMENTS (KOHA)
Koha item type Books
Holdings
Withdrawn status Lost status Damaged status Home library Current library Date acquired Full call number Barcode Date last seen Copy number Price effective from Koha item type
      UMT Main Campus UMT Main Campus 2017-06-22 R 302.230803 INT- 110469 2019-11-20 V-1 A-D 2017-06-22 Books
      UMT Main Campus UMT Main Campus 2017-06-22 R 302.230803 INT- 110470 2019-11-20 V-2 E-K 2017-06-22 Books
      UMT Main Campus UMT Main Campus 2017-06-22 R 302.230803 INT- 110488 2018-01-04 V-3 L-O 2017-06-22 Books
      UMT Main Campus UMT Main Campus 2017-06-22 R 302.230803 INT- 110489 2018-07-09 V-4 P-Z 2017-06-22 Books